000 00888nam0a22002651 4500
001 v19\rc\2006298
005 20260407121956.0
035 _a(NLR Aleph) 005081287
090 _a7199504
_c7199504
100 _a20080811d1916 u y0rusy50 ca
101 0 _arus
102 _aRU
105 _aa z |||||
200 1 _aКраткое наставление для службы с винтовкой сист. Гра-Кропачека
210 _aКиев
_cтип. Лубковского
_d1916
215 _a[2], 23 с.
_cфронт. (ил.)
_d15
740 1 _aРоссия
_tВоенные уставы и наставления
_3RU\NLR\AUTH\889957977
_9412039
801 0 _aRU
_bNLR
_gpsbo
801 0 _aRU
_bRuMoRGB
_2psbo
801 1 _aRU
_bProSoft-M
_2rusmarc
852 _aNLR
_j34.103.2.84
899 _aRuMoRGB
_jV 114/2495
899 _aRuMoRGB
_jV 274/677
942 _cBOOK
980 _aNB